[Event "RUS-chT Premier League 2018"]
[Site "Sochi"]
[Date "2018.05.05"]
[Round "5"]
[White "Saveliev, Alexei"]
[Black "Vdovin, Maxim"]
[Result "1/2-1/2"]
[WhiteElo "2354"]
[BlackElo "2139"]
[Annotator "NA"]
[PlyCount "80"]
[EventDate "2018.??.??"]
[EventCountry "RUS"]
[SourceTitle "playchess.com"]
[Source "ChessBase"]
[SourceQuality "1"]
[TimeControl "40/5400+30:1800+30"]

1. e4 {[%emt 0:00:00]} e5 {[%emt 0:00:05]} 2. Nf3 {[%emt 0:00:00]} Nf6 {[%emt 0:00:04]} 3. d4 {[%emt 0:00:00]} Nxe4 {[%emt 0:00:13]} 4. Bd3 {[%emt 0:00:00]} Nc6 {[%emt 0:00:33]} 5. O-O {[%emt 0:39:09]} d5 {[%emt 0:01:53]} 6. dxe5 {[%emt 0:00:42]} Be7 {[%emt 0:01:02]} 7. c3 {[%emt 0:03:16] LiveBook: 3 Games} Bg4 {[%emt 0:01:50]} 8. Bf4 $11 {[%emt 0:02:00]} Ng5 {[%emt 0:22:10]} 9. Nbd2 {[%emt 0:06:40]} O-O {[%emt 0:06:42]} 10. Re1 {[%emt 0:10:57]} Re8 {[%emt 0:23:24]} 11. Qe2 {[%emt 0:05:35]} Bf6 {[%emt 0:05:17]} 12. Qf1 {[%emt 0:12:49]} Nxf3+ {[%emt 0:07:24]} 13. Nxf3 {[%emt 0:00:34]} Bxf3 {[%emt 0:00:37]} 14. exf6 {[%emt 0:00:21]} Qxf6 {[%emt 0:02:48]} 15. Bxc7 {[%emt 0:00:10]} Be4 {[%emt 0:01:50]} 16. Rad1 {[%emt 0:04:16]} Bxd3 {[%emt 0:04:14]} 17. Qxd3 {[%emt 0:00:18]} d4 {[%emt 0:00:23]} 18. cxd4 {[%emt 0:02:36]} Qxd4 {[%emt 0:02:12]} 19. Qxd4 {[%emt 0:04:48]} Nxd4 {[%emt 0:00:05]} 20. Kf1 {[%emt 0:01:59]} Rxe1+ {[%emt 0:00:28]} 21. Kxe1 {[%emt 0:00:50]} Re8+ {[%emt 0:00:20]} 22. Kf1 {[%emt 0:00:10]} Nc6 {[%emt 0:00:43]} 23. a3 {[%emt 0:02:17]} Re7 {[%emt 0:01:11]} 24. Bf4 {[%emt 0:00:33]} f6 {[%emt 0:00:23]} 25. b4 {[%emt 0:00:46]} a6 {[%emt 0:00:05]} 26. Be3 {[%emt 0:00:37]} Ne5 {[%emt 0:06:28]} 27. a4 {[%emt 0:01:22]} Rd7 {[%emt 0:05:44]} 28. Rc1 {[%emt 0:00:42]} Kf7 {[%emt 0:00:15]} 29. Ke2 {[%emt 0:00:25]} Ke6 {[%emt 0:00:19]} 30. h3 {[%emt 0:00:30]} g6 {[%emt 0:01:17]} 31. Rc3 {[%emt 0:00:16]} f5 {[%emt 0:01:59]} 32. Rc8 {[%emt 0:00:46]} Nc6 {[%emt 0:00:23]} 33. b5 {[%emt 0:00:35]} axb5 {[%emt 0:00:27]} 34. axb5 {[%emt 0:00:00]} Nd4+ {[%emt 0:00:14]} 35. Bxd4 {[%emt 0:00:27]} Rxd4 {[%emt 0:00:07]} 36. Rc7 {[%emt 0:00:08]} Rd7 {[%emt 0:00:37]} 37. Rxd7 {[%emt 0:01:20]} Kxd7 {[%emt 0:00:04]} 38. Kd3 {[%emt 0:00:01]} Kd6 {[%emt 0:00:15]} 39. Kd4 {[%emt 0:00:11]} b6 {[%emt 0:00:05]} 40. f4 {[%emt 0:00:00]} h5 {[%emt 0:00:13]} 1/2-1/2

[Event "RUS-chT Premier League 2018"]
[Site "Sochi"]
[Date "2018.05.05"]
[Round "5"]
[White "Skatchkov, Valery"]
[Black "Popov, Valerij"]
[Result "0-1"]
[WhiteElo "2338"]
[BlackElo "2528"]
[Annotator "TA"]
[PlyCount "65"]
[EventDate "2018.??.??"]
[EventCountry "RUS"]
[SourceTitle "playchess.com"]
[Source "ChessBase"]
[SourceQuality "1"]

{[%evp 21,65,-19,-11,-20,-24,-30,-18,-29,0,0,3,0,6,-19,-16,-34,-21,-29,-29,-23,-18,-24,-16,-19,-8,-201,-217,-216,-211,-263,-227,-260,0,0,0,0,0,0,14,0,411,400,499,373,366,-27]} 1. d4 Nf6 2. c4 e6 3. Nf3 d5 4. g3 Bb4+ 5. Bd2 Bd6 6. Bg2 c6 7. Qc2 Nbd7 8. O-O O-O 9. Bf4 Bxf4 10. gxf4 b6 {E01: Catalan: Early deviations} 11. Nbd2 (11. Ne5 Nxe5 12. fxe5 Ng4 13. Nd2 Ba6 14. cxd5 cxd5 15. Nf3 Nh6 16. Bh3 f5 17. Kh1 Kh8 18. Rg1 {½-½ (27) Andreikin,D (2736)-Carlsen,M (2840) Wijk aan Zee 2017}) 11... Bb7 {LiveBook: 4 Games} 12. b4 a5 $146 {The position is equal.} ({Predecessor:} 12... Rc8 13. c5 Qc7 14. e3 Ne8 15. Ng5 Nef6 16. Bh3 h6 17. Ngf3 Ba6 18. Rfe1 bxc5 19. dxc5 Rb8 20. Qc3 Rfe8 21. Ne5 Nxe5 22. fxe5 d4 {½-½ (22) Zemerov,V (2316)-Narendran,G (2165) Moscow 2018}) 13. a3 dxc4 14. Nxc4 axb4 15. axb4 c5 16. dxc5 bxc5 17. b5 Qb8 18. e3 Bd5 19. Rxa8 Qxa8 20. Nh4 {[%cal Bf3h4,Bh4g2,Bg2e1,Be1d3][%mdl 32]} Rb8 21. Rb1 h6 22. Bxd5 Qxd5 23. Na5 $2 {[#]} (23. f5 $11 {and White stays safe.}) 23... Qh5 $1 $19 {[%cal Rh5h4]} 24. Ng2 {[#]} Qh3 $1 25. Nc6 {[%cal Ba5c6,Bc6e7,Be7f5][%mdl 32]} Ra8 26. b6 Nxb6 $2 ({Better is} 26... Ng4 $19 27. b7 Re8) 27. Rxb6 $11 Ng4 28. Ne1 $1 g5 {White must now prevent ...Ra1.} 29. Ne7+ Kf8 {And now ...Ra1 would win.} 30. Qb2 {Ng6+! would kill now.} e5 $2 {[%mdl 8192]} (30... f6 $11 31. Rxe6 Kf7) 31. Nf5 $18 {Threatening mate with Rb8+.} Qxh2+ 32. Kf1 {Intending Rb8+ and mate.} Kg8 33. Nd3 $2 {[%mdl 32768] Precision: White = 49%, Black = 64%. . Loss on Time!?} ({White has to play} 33. fxe5 $18 Qh1+ 34. Ke2) 0-1

[Event "RUS-chT Premier League 2018"]
[Site "Sochi"]
[Date "2018.05.05"]
[Round "5"]
[White "Frolov, Ivan"]
[Black "Lysyj, Igor"]
[Result "1/2-1/2"]
[WhiteElo "2243"]
[BlackElo "2630"]
[Annotator "TA"]
[PlyCount "106"]
[EventDate "2018.??.??"]
[EventCountry "RUS"]
[SourceTitle "playchess.com"]
[Source "ChessBase"]
[SourceQuality "1"]

{[%evp 9,106,0,0,-16,-3,-1,0,0,0,0,0,-13,-15,-16,-6,-37,-59,-39,-22,-44,-43,-39,-37,-68,-70,-66,-24,-35,-33,-53,-36,-49,-60,-57,-8,-13,-9,-14,-7,-8,0,0,0,0,4,0,0,0,0,0,0,0,0,0,0,0,0,0,0,0,0,0,0,0,0,0,1,1,1,0,0,0,0,0,0,0,0,0,0,0,0,0,0,0,0,0,0,0,0,0,7,0,0,0,0,0,0,0,0]} 1. Nf3 d5 2. g3 c6 3. Bg2 Bg4 4. Ne5 Bf5 5. d4 Nd7 {LiveBook: 34 Games} 6. Bf4 {A07: Réti Opening: New York and Capablanca Systems} (6. O-O Ngf6 7. c4 e6 8. Nc3 Bd6 9. Bf4 Qb8 10. Nxd7 Nxd7 11. cxd5 exd5 12. Bxd6 Qxd6 13. e4 dxe4 14. Bxe4 Bxe4 15. Nxe4 {1-0 (25) Lie,E (2459)-Gausel,E (2479) Norway 2017}) 6... e6 $146 ({Predecessor:} 6... Ngf6 7. Nd2 Qb6 8. Nb3 e6 9. O-O a5 10. a4 Be7 11. Nd3 O-O 12. Rc1 Qa6 13. Ra1 {0-1 (76) Laszlo,I (2179)-Szabolcsi,J (2330) Hungary 2010}) 7. Nd2 Ngf6 8. O-O Be7 9. c3 O-O 10. f3 Nxe5 11. Bxe5 Nd7 12. g4 Bg6 13. Bg3 e5 14. e3 exd4 15. exd4 f5 16. f4 fxg4 17. Qxg4 Nf6 (17... Bf5 $5 {[%cal Rf5g4]} 18. Qe2 Nf6 $15) 18. Qe6+ Bf7 19. Qe2 Qd7 20. f5 Rae8 21. Qd3 Bh5 22. Nf3 {The position is equal.} Bxf3 23. Bxf3 Bd6 24. Rae1 Qc7 25. Kg2 Bxg3 26. hxg3 Re7 27. Rxe7 Qxe7 28. Rf2 Qf7 29. g4 h6 30. Re2 Re8 31. Rxe8+ Nxe8 32. Qe3 Nd6 33. Qe5 Qf6 (33... Nc4 {is more complex.} 34. Qb8+ Kh7 35. b3 Na3 36. Qxa7 Nb5) 34. Qxf6 gxf6 $11 {[%mdl 4096] Endgame KB-KN} 35. Be2 Kf7 36. Bd3 a5 37. Kg3 Kf8 38. Kh4 b6 39. a4 b5 40. b3 Kf7 41. Kh5 bxa4 42. bxa4 Kg7 43. Kh4 Nc8 44. Bc2 Nb6 45. Bb3 Na8 46. Bc2 Nb6 47. Bb3 Nc8 48. Bc2 Nd6 49. Bd3 Nf7 50. Bf1 Ng5 51. Bg2 Kf8 52. Kh5 Kg7 53. Kh4 Kf8 {Precision: White = 65%, Black = 73%.} 1/2-1/2

[Event "RUS-chT Premier League 2018"]
[Site "Sochi"]
[Date "2018.05.05"]
[Round "5"]
[White "Pogorelskikh, Sergey"]
[Black "Pershin, Denis"]
[Result "0-1"]
[WhiteElo "2142"]
[BlackElo "2392"]
[Annotator "NA"]
[PlyCount "58"]
[EventDate "2018.??.??"]
[EventCountry "RUS"]
[SourceTitle "playchess.com"]
[Source "ChessBase"]
[SourceQuality "1"]
[TimeControl "40/5400+30:1800+30"]

1. e4 {[%emt 0:00:00]} c5 {[%emt 0:00:05]} 2. Nf3 {[%emt 0:00:27]} Nc6 {[%emt 0:00:06]} 3. d4 {[%emt 0:00:07]} cxd4 {[%emt 0:00:05]} 4. Nxd4 {[%emt 0:00:03]} Qb6 {[%emt 0:00:05]} 5. Nb3 {[%emt 0:00:18]} Nf6 {[%emt 0:00:07]} 6. Nc3 {[%emt 0:00:20]} e6 {[%emt 0:00:07]} 7. Qe2 {[%emt 0:01:22]} Bb4 {[%emt 0:08:19]} 8. Bd2 {[%emt 0:01:25]} O-O {[%emt 0:00:16]} 9. a3 {[%emt 0:00:50]} Be7 {[%emt 0:00:13]} 10. g4 {[%emt 0:06:36]} d5 {[%emt 0:02:23]} 11. g5 {[%emt 0:05:36]} Nxe4 {[%emt 0:00:07]} 12. Nxe4 {[%emt 0:00:14]} dxe4 {[%emt 0:00:05]} 13. Qxe4 {[%emt 0:00:11]} e5 {[%emt 0:00:31]} 14. Bd3 {[%emt 0:05:55]} g6 {[%emt 0:00:05]} 15. Qe3 {[%emt 0:02:01]} Nd4 $11 {[%emt 0:18:14]} 16. Nxd4 {[%emt 0:12:13]} Bc5 {[%emt 0:00:05]} 17. Qe2 {[%emt 0:01:59]} exd4 {[%emt 0:00:21]} 18. b4 {[%emt 0:03:00]} Bd6 {[%emt 0:00:06]} 19. O-O {[%emt 0:03:53]} Bh3 {[%emt 0:05:08]} 20. Rfe1 {[%emt 0:00:50]} Qc7 {[%emt 0:00:53]} 21. f3 {[%emt 0:00:25]} Rad8 {[%emt 0:30:56]} 22. Qf2 {[%emt 0:02:04]} Rfe8 {[%emt 0:03:08]} 23. Rxe8+ {[%emt 0:05:36]} Rxe8 {[%emt 0:00:17]} 24. Re1 {[%emt 0:00:15]} Rxe1+ {[%emt 0:00:39]} 25. Bxe1 {[%emt 0:00:12]} Bf4 {[%emt 0:00:19]} 26. Qh4 {[%emt 0:09:13]} Qe5 {[%emt 0:01:00]} 27. Bf2 {[%emt 0:03:21]} Be6 {[%emt 0:01:23]} 28. Bg3 {[%emt 0:02:37]} Qe3+ {[%emt 0:00:53]} 29. Bf2 {[%emt 0:00:41]} Qxf3 {[%emt 0:00:10]} 0-1

[Event "RUS-chT Premier League 2018"]
[Site "Sochi"]
[Date "2018.05.07"]
[Round "6"]
[White "Svidler, Peter"]
[Black "Sarana, Alexey"]
[Result "1-0"]
[WhiteElo "2760"]
[BlackElo "2587"]
[Annotator "TA"]
[PlyCount "79"]
[EventDate "2018.??.??"]
[EventCountry "RUS"]
[SourceTitle "playchess.com"]
[Source "ChessBase"]
[SourceQuality "1"]

{[%evp 15,79,13,29,29,28,16,27,18,15,10,27,24,28,0,16,0,63,69,93,106,109,110,103,91,97,97,115,116,112,96,106,99,117,107,124,114,149,150,160,141,173,166,162,151,154,145,192,141,145,127,235,232,340,133,257,171,317,161,149,133,227,218,325,308,1039,1017]} 1. e4 c5 2. Nf3 d6 3. d4 cxd4 4. Nxd4 Nf6 5. Nc3 a6 6. h3 e5 7. Nde2 b5 8. Ng3 {B90: Sicilian Najdorf: Unusual White 6th moves, 6 Be3 Ng4 and 6 Be3 e5} Qc7 {LiveBook: 5 Games} 9. Bd3 g6 10. O-O {White has an edge.} Bg7 11. Bd2 $146 ({Predecessor:} 11. Bg5 Nbd7 12. Re1 O-O 13. Nf1 b4 14. Nb1 Bb7 15. Nbd2 d5 {0-1 (74) Motylev,A (2663)-Sarana,A (2457) Tallinn 2016}) 11... O-O 12. a4 bxa4 13. Rxa4 Nbd7 14. b4 Nb6 15. Ra5 $36 {[%mdl 2048] White has good play.} Nc4 ({Black should play} 15... Bb7 $11) 16. Nb5 $1 $14 {[%cal Rb5c7]} Qb7 17. Bxc4 axb5 18. Rxb5 Qc7 19. Bd3 Bb7 20. Qe2 Rfc8 21. Ra5 d5 22. Rb1 d4 23. Rba1 Ne8 24. Nf1 {[%cal Bg3f1,Bf1d2,Bd2f3,Bf3e5][%mdl 32]} Nd6 25. Be1 Bh6 26. Nd2 Qc6 27. b5 Qc7 28. Rxa8 Bxa8 29. Nf3 Nb7 30. b6 Qd6 31. Ba6 (31. Ra6 $18) 31... Qxb6 $16 32. Nxe5 Qb2 (32... Bg7 $16) 33. Qd1 $18 Qb6 (33... d3 $142) 34. Bd3 $2 {[#]} (34. Qg4 $18 {is the precise move to win.} Qd8 {[#]} 35. Ba5 $1 {[%mdl 512]} Nxa5 36. Qxc8 Qxc8 37. Bxc8) 34... Nd6 (34... Qc7 $16) 35. Qg4 Qb2 (35... Bb7 $142 36. Nd7 Qb2) 36. Rd1 (36. Ra7 $142 Qb8 37. Qd7) 36... Qb7 37. Nf3 {And now e5 would win.} Qe7 (37... Bg7 $16 {was called for.}) 38. Bb4 Rd8 (38... Rb8 $142) 39. Ra1 ({Resist} 39. Nxd4 Qg5 $18) 39... Qb7 $2 (39... Bf8 40. Qf4 Qb7) 40. Qh4 {Precision: White = 63%, Black = 30%.} 1-0

[Event "RUS-chT Premier League 2018"]
[Site "Sochi"]
[Date "2018.05.07"]
[Round "6"]
[White "Artemiev, Vladislav"]
[Black "Shinkevich, Vitaly"]
[Result "1-0"]
[WhiteElo "2704"]
[BlackElo "2433"]
[Annotator "TA"]
[PlyCount "73"]
[EventDate "2018.??.??"]
[EventCountry "RUS"]
[SourceTitle "playchess.com"]
[Source "ChessBase"]
[SourceQuality "1"]

{[%evp 20,73,28,22,43,38,35,39,50,47,61,44,95,0,83,49,125,123,353,343,353,353,419,412,412,416,397,393,611,480,464,476,456,384,381,367,542,522,697,685,835,826,903,870,890,895,885,844,964,942,956,933,1343,1333,1708,1664]} 1. Nf3 Nf6 2. c4 c5 3. b3 g6 4. Bb2 Bg7 5. g3 O-O 6. Bg2 Nc6 7. O-O d6 8. d4 cxd4 9. Nxd4 Bd7 10. Nc2 Qa5 {E60: King's Indian: Unusual lines and Fianchetto Variation without Nc3} (10... a6 11. Nc3 Rb8 12. Nd5 Nxd5 13. Bxg7 Ne3 14. Nxe3 Kxg7 15. Qd2 Qa5 16. Rfd1 Qxd2 17. Rxd2 Be6 18. Nd5 Rfc8 19. Nb6 Rc7 {½-½ (46) Meier,G (2650)-Kovalev,V (2639) Riadh 2017}) 11. Nc3 {LiveBook: 32 Games} Ng4 12. Qd2 Qh5 {[%csl Gg4][%cal Rh5h2] [#] White is slightly better.} 13. h3 Nf6 14. h4 Ng4 {[#]} 15. Rad1 $146 ({Predecessor:} 15. Rab1 Bh6 16. Qd5 g5 17. Bh3 Nf6 18. Qh1 {1-0 (52) Dizdarevic,E (2507)-Erdogdu,M (2359) Plovdiv 2003}) 15... f5 ({Better is} 15... h6 $14) 16. f4 (16. f3 $16) 16... h6 (16... g5 $11) 17. Na4 e5 (17... Rad8 $14) 18. Qxd6 $16 Rad8 $2 {[#]} (18... Be8 $16) 19. Qc7 $1 $18 g5 20. fxg5 ({Don't do} 20. Rxd7 Rxd7 21. Qxd7 gxh4 $18) (20. Qxb7 gxh4 21. Rxd7 Rxd7 $18) 20... hxg5 21. Rxd7 Rxd7 22. Qxd7 gxh4 23. gxh4 Kh8 (23... Bh6 $142 24. Qe6+ Kh7) 24. Qd3 Rd8 25. Qh3 Bh6 {Now ...Rd2 and Black clings on.} 26. Bc1 Bxc1 27. Rxc1 e4 (27... Ne7 $142 28. Nc3 Qh6) 28. Rf1 {White is clearly winning.} Nce5 29. Nc3 Rg8 30. Nd4 Qh6 31. Nxf5 Qb6+ 32. e3 Nf3+ 33. Kh1 Nfh2 34. Rf4 Qa5 35. Nxe4 Qe1+ 36. Bf1 $1 Qb1 37. Nfd6 {Precision: White = 85%, Black = 31%.} 1-0

[Event "RUS-chT Premier League 2018"]
[Site "Sochi"]
[Date "2018.05.07"]
[Round "6"]
[White "Matlakov, Maxim"]
[Black "Iljiushenok, Ilia"]
[Result "0-1"]
[WhiteElo "2704"]
[BlackElo "2516"]
[Annotator "TA"]
[PlyCount "118"]
[EventDate "2018.??.??"]
[EventCountry "RUS"]
[SourceTitle "playchess.com"]
[Source "ChessBase"]
[SourceQuality "1"]

{[%evp 22,118,42,46,51,27,52,46,50,42,37,20,10,25,18,25,25,9,13,0,0,-15,-15,-15,-17,-14,-15,-15,-17,-23,-17,-54,-79,-69,-47,-63,-4,-122,-111,-93,0,0,0,0,0,0,-5,-2,0,-16,0,-232,-228,-447,-424,-391,-29,-189,-189,-189,-189,-189,-197,-197,-189,-189,-189,-189,-189,-189,-189,-164,-67,-175,-67,-2652,-69,-118,-76,-5308,-4920,-4847,-4731,-1510,-2851,-1548,-1500,-1715,-1448,-29962,-29961,-29966,-29967,-29959,-2217,-29963,-29963,-29962,-29960]} 1. d4 Nf6 2. Nf3 g6 3. c4 Bg7 4. g3 O-O 5. Bg2 d6 6. Nc3 Nc6 7. O-O a6 8. b3 Rb8 9. d5 Na5 {E63: King's Indian: Fianchetto: Panno Variation with 7...a6} 10. Bg5 c5 11. dxc6 Nxc6 12. Rc1 {LiveBook: 11 Games} Bd7 13. e4 b5 14. cxb5 axb5 15. Qe2 h6 16. Bd2 b4 17. Nd5 {[%cal Bc3d5,Bd5e3,Be3c4][%mdl 32] [#]} Ng4 $146 18. Rfd1 e6 19. Ne3 Nge5 20. Nxe5 Nxe5 21. Nc4 Bb5 22. Be3 Qe7 23. Qd2 Bxc4 24. bxc4 {Strongly threatening c5.} Rfc8 25. Bxh6 Nxc4 26. Qf4 Bxh6 27. Qxh6 Rc5 $1 28. Bf1 Rbc8 ({Black should play} 28... Ne5 $1 $15 29. Kg2 Ra8) 29. h4 (29. Bxc4 $11 Rxc4 30. Rxc4 Rxc4 31. Qf4) 29... Ne5 $17 30. Be2 Rc2 (30... Rc3 $1 $17 {Hoping for ...Qa7.} 31. h5 Qa7) 31. Rxc2 $11 Rxc2 32. Rd2 Qc7 33. h5 gxh5 34. Bxh5 Qc3 35. Rd1 Rxa2 $40 {[%mdl 128] Black is up to no good.} 36. Kg2 $2 (36. Qg5+ $1 $11 {and White has nothing to worry.} Kh7 37. Qh4) 36... Qc5 $1 $19 {[%cal Rc5f2]} 37. Qf6 $2 (37. Qg5+ Ng6 38. Qxc5 dxc5 39. Bxg6 fxg6 40. Rc1) 37... b3 38. Rh1 {aiming for Bd1.} Qc2 $2 ({Black should try} 38... Qe3 $1 $19 39. Bg4 Qxe4+ 40. Bf3 Qxf3+ 41. Qxf3 Nxf3 42. Kxf3 Rc2) 39. Qg5+ $2 (39. Bxf7+ $1 $11 {and White stays safe.} Nxf7 40. Rh4) 39... Kf8 40. Qd8+ Kg7 41. Qg5+ Ng6 42. Bxg6 Qxf2+ ({Worse is} 42... fxg6 43. Qe7+ Kg8 44. Qe8+ Kg7 45. Qh8+ Kf7 46. Rh7#) 43. Kh3 fxg6 {[%mdl 4096] Endgame KQR-KQR} ({Much less strong is} 43... Qg2+ 44. Kg4 $17) 44. Qe7+ Qf7 45. Qxd6 Qf3 {[%cal Rf3h5]} 46. Qe5+ Kh7 (46... Kf7 $19 47. Qc7+ Kg8 48. Qb8+ Kg7 49. Qc7+ Kh6 50. Qf4+ Qxf4 51. gxf4 Ra4 52. Kg3+ Kg7) 47. Rc1 $1 $15 {[%cal Rc1c7] Intending Rc7+ and mate.} Qg2+ (47... Ra7 $1 $19 {...Rb7 is the strong threat.} 48. Rb1 g5 49. Qxg5 Qxe4 50. Qh5+ Kg7 51. Qg5+ Kh8 52. Qf6+ Rg7 53. Qd8+ Kh7 54. Qh4+ Qxh4+ 55. Kxh4 Rb7) 48. Kh4 $2 {[%mdl 8192] [#]} (48. Kg4 $15 Qe2+ 49. Kh3 Qh2+ 50. Kg4 Qe2+ 51. Kh3 Qh2+ 52. Kg4 Qe2+) 48... Qh2+ $2 (48... g5+ $1 $19 {[%mdl 512]} 49. Qxg5 Qxe4+ 50. Qf4 Qxf4+ 51. gxf4 b2) 49. Kg4 {Rc7+ would kill now.} Qe2+ 50. Kh4 $2 {[%mdl 8192] [#]} (50. Kh3 $17 Qh5+ 51. Qxh5+ gxh5 52. Rc5) 50... g5+ $1 $19 {[%mdl 512]} 51. Qxg5 Qxe4+ 52. Qf4 Rh2+ 53. Kg4 {[#]} Qg6+ $1 54. Qg5 Rc2 55. Qxg6+ Kxg6 56. Rb1 Rc4+ 57. Kf3 Rb4 58. Rb2 Kg5 59. g4 e5 {Precision: White = 44%, Black = 58%.} 0-1

[Event "RUS-chT Premier League 2018"]
[Site "Sochi"]
[Date "2018.05.07"]
[Round "6"]
[White "Inarkiev, Ernesto"]
[Black "Looshnikov, Nikolai"]
[Result "1-0"]
[WhiteElo "2686"]
[BlackElo "2435"]
[Annotator "TA"]
[PlyCount "74"]
[EventDate "2018.??.??"]
[EventCountry "RUS"]
[SourceTitle "playchess.com"]
[Source "ChessBase"]
[SourceQuality "1"]

{[%evp 22,74,20,20,26,24,25,18,20,17,18,6,5,9,10,-3,-4,-9,-6,-16,-19,-22,-14,-28,-15,-10,-4,-21,0,0,0,0,22,22,22,22,30,34,27,0,153,12,224,215,455,427,396,243,563,496,1844,1723,29988,29989,29992]} 1. c4 Nf6 2. Nc3 e5 3. Nf3 Nc6 4. g3 Bb4 5. Bg2 O-O 6. O-O Bxc3 7. bxc3 e4 8. Ng5 Re8 9. f3 exf3 10. Nxf3 {[%cal Bg5f3,Bf3d4,Bd4f5][%mdl 32]} Qe7 11. e3 d6 12. d3 {LiveBook: 6 Games. A29: English Opening: Four Knights Variation with 4 g3} Ng4 13. e4 Nge5 14. Nd4 {White has an edge.} Bg4 15. Qc2 Qd7 16. Nf5 {[#]} Ne7 $146 {[%cal Re7f5]} ({Predecessor:} 16... f6 17. h3 Bh5 18. g4 Bf7 19. g5 fxg5 20. Bxg5 {½-½ (37) Lecroq,M (2604)-Dothan,Y (2648) ICCF email 2010}) 17. Ne3 Bh3 18. Rb1 Bxg2 19. Kxg2 b6 20. Qd1 f6 21. Rb2 c6 22. d4 Nf7 23. Qd3 Ng5 24. Re2 h6 25. Nd1 Qh3+ 26. Kg1 Qh5 27. h4 Nf7 28. Ne3 b5 29. cxb5 Qxb5 30. c4 Qa6 $2 {[#]} (30... Qh5 $1 $11) 31. Ba3 ({White has to play} 31. Ng4 $1 $16) 31... Rad8 $2 {[#]} (31... c5 $11 {and Black stays safe.} 32. e5 (32. dxc5 Ne5 $11) 32... fxe5) 32. Ng4 $1 $18 d5 $2 {[#]} (32... Qb6 33. Ref2 Rf8) 33. Nxf6+ $1 {[%mdl 512]} gxf6 34. exd5 c5 $2 (34... Nd6 35. Rxf6 Qxc4 36. Qxc4 Nxc4) 35. Bxc5 Ne5 (35... Nd6 $142 36. Rxf6 Qxc4 37. Qxc4 Nxc4 38. Rxe7 Rxe7) 36. dxe5 {[%cal Bd4e5,Be5f6][%mdl 32]} Rxd5 {[#]} 37. exf6 $1 {[%mdl 512]} Rf8 {Precision: White = 66%, Black = 26%.} 1-0

[Event "RUS-chT Premier League 2018"]
[Site "Sochi"]
[Date "2018.05.07"]
[Round "6"]
[White "Rublevsky, Sergei"]
[Black "Usmanov, Vasily"]
[Result "1-0"]
[WhiteElo "2665"]
[BlackElo "2472"]
[Annotator "TA"]
[PlyCount "69"]
[EventDate "2018.??.??"]
[EventCountry "RUS"]
[SourceTitle "playchess.com"]
[Source "ChessBase"]
[SourceQuality "1"]

{[%evp 17,69,56,57,43,49,37,50,36,53,47,43,42,37,40,54,54,56,66,76,80,82,83,82,77,77,86,143,141,140,113,161,168,204,155,264,254,264,242,796,792,1035,983,1428,1394,29968,29969,29969,29971,29970,29966,5331,5322,2154,854]} 1. e4 e6 2. d4 d5 3. Nd2 dxe4 4. Nxe4 Bd7 5. Nf3 Bc6 6. Bd3 Nd7 7. O-O Ngf6 8. Ng3 g6 {C10: French with 3 Nc3: Unusual Black 3rd moves and 3...dxe4} 9. c4 (9. Qe2 Bg7 10. Ne5 Nxe5 11. dxe5 Nd7 12. f4 O-O 13. Be4 Bxe4 14. Nxe4 Qe7 15. Be3 Rfd8 16. Rad1 {½-½ (64) So,W (2815)-Carlsen,M (2832) chess.com INT 2017}) 9... Bg7 {LiveBook: 14 Games} 10. b4 Bxf3 $146 {White is slightly better.} ({Predecessor:} 10... Nb6 11. Be3 Ng4 12. Rc1 O-O 13. b5 Bxf3 14. Qxf3 f5 15. Be2 e5 16. dxe5 {0-1 (28) Belyakov,B (2482)-Jobava,B (2699) Sochi 2015}) 11. Qxf3 c6 12. Rb1 O-O 13. Be3 e5 14. d5 cxd5 15. cxd5 Qe7 16. Rfd1 Qd6 $1 17. Bb5 Rfd8 18. Bg5 h6 19. Bh4 $1 Qb6 {[#]} 20. Bxd7 $1 Rxd7 21. Bxf6 $1 Bxf6 (21... Qxf6 $142 22. Qxf6 Bxf6) 22. Ne4 $16 Bg7 23. h4 {[%cal Bh2h4,Bh4h5][%mdl 32]} Rad8 {[#]} 24. h5 $1 Kh8 25. Rbc1 Qxb4 (25... Bf8 $16 {was worth a try.} 26. Nc5 Re7) 26. hxg6 $18 fxg6 27. d6 b6 $2 (27... Qb2 28. Qg4 Qxa2) 28. Qg4 g5 29. Rc7 Qa4 30. Rd3 Qxa2 31. Rxd7 Rxd7 32. Qxd7 Qb1+ 33. Kh2 Qxd3 34. Qc8+ Kh7 35. d7 {Precision: White = 90%, Black = 55%.} (35. Qf5+ $142 Kh8 36. d7) 1-0

[Event "RUS-chT Premier League 2018"]
[Site "Sochi"]
[Date "2018.05.07"]
[Round "6"]
[White "Shirov, Alexei"]
[Black "Alekseev, Evgeny"]
[Result "1/2-1/2"]
[WhiteElo "2652"]
[BlackElo "2622"]
[Annotator "TA"]
[PlyCount "80"]
[EventDate "2018.??.??"]
[EventCountry "RUS"]
[SourceTitle "playchess.com"]
[Source "ChessBase"]
[SourceQuality "1"]

{[%evp 12,80,0,0,0,0,0,0,0,0,26,0,0,0,0,0,0,0,0,0,0,-39,-41,-56,-51,-52,-34,-32,-18,-17,-19,-20,0,0,0,-42,-39,-62,-62,-72,-61,-82,-78,-65,-49,-57,-64,-56,-45,-66,-13,-67,-70,-76,-75,-95,-81,-82,-81,-71,-79,-36,-58,-85,-18,-8,0,0,0,-18,0]} 1. e4 e6 2. d4 d5 3. Nc3 dxe4 4. Nxe4 Nd7 5. g4 (5. g3 Be7 6. Nf3 Ngf6 7. Qe2 Nxe4 8. Qxe4 Rb8 9. Bg2 b5 10. O-O O-O 11. Rd1 Bb7 12. Qe2 Nf6 13. c3 a6 14. a4 {½-½ (45) Anand,V (2776)-Meier,G (2648) Karlsruhe/Baden-Baden 2018}) 5... Ngf6 6. Nxf6+ {C10: French with 3 Nc3: Unusual Black 3rd moves and 3...dxe4} Nxf6 7. g5 {LiveBook: 3 Games} Nd5 {[%cal Bf6d5,Bd5e7,Be7f5][%mdl 32]} 8. Nf3 $146 ({Predecessor:} 8. a3 h6 9. g6 fxg6 10. Bd3 Qf6 11. c4 Ne7 12. Nf3 Nf5 {½-½ (46) Kislinsky,A (2475)-Stupak,K (2537) Gora Sw Anny 2016}) 8... c5 9. c4 Ne7 10. dxc5 Qxd1+ 11. Kxd1 Nf5 12. c6 bxc6 13. Bd3 g6 14. Bf4 h6 15. Be5 Rh7 16. Kc2 Bb7 {[%cal Bc8b7,Bb7a8,Ba8c6][%mdl 32]} 17. Be4 hxg5 $1 18. Nxg5 Rh5 19. h4 Rd8 20. Rh3 Be7 21. Rg1 Ba8 22. Bxf5 gxf5 23. f4 c5 24. Rgg3 Bc6 25. Ra3 Ra8 26. Ra6 Bb7 27. Ra5 Bc8 {And now ...f6 would win.} 28. Nf3 f6 29. Bc3 Bb7 30. Nd2 a6 ({Black should play} 30... Kf7 $15) 31. Ra3 ({Better is} 31. Nb3 $11) 31... Kf7 $15 32. Rb3 Bg2 33. Rh2 Rg8 {[#] ...Bd6 is the strong threat.} 34. Rb6 Rg4 35. Rxa6 Rhxh4 36. Rxh4 Rxh4 37. Ra7 Ke8 (37... Rxf4 $17 {White must now prevent ...e5.} 38. b4 e5) 38. Ra6 $11 {The position is equal.} Kd7 39. Ra7+ Ke8 40. Ra6 Kd7 {Precision: White = 68%, Black = 54%.} 1/2-1/2